Loading...
| History - American | 0 | 3 | 0 | 1 | 30 | 49 | 66.33 | 2 | 3 | 11.46 | 22.00 |
| Current Events | 0 | 2 | 0 | 0 | 20 | 64 | 78.00 | 0 | 2 | 13.06 | 35.00 |
| Literature - World | 0 | 2 | 0 | 0 | 20 | 68 | 86.00 | 0 | 1 | 4.54 | 6.00 |
| Fine Arts - Classical Music | 0 | 2 | 0 | 1 | 20 | 101 | 105.50 | 0 | 1 | 0.98 | 8.00 |
| Literature - American | 0 | 1 | 0 | 1 | 10 | 115 | 115.00 | 0 | 1 | 0.09 | 8.00 |
| Literature - European | 0 | 1 | 0 | 0 | 10 | 62 | 62.00 | 1 | 1 | 4.56 | 10.00 |
| Social Science | 0 | 1 | 0 | 0 | 10 | 62 | 62.00 | 0 | 1 | 6.23 | 5.71 |
| Fine Arts - Other | 0 | 1 | 0 | 0 | 10 | 89 | 89.00 | 0 | 1 | 2.46 | 6.00 |
| Geography | 0 | 1 | 0 | 0 | 10 | 78 | 78.00 | 0 | 1 | 5.82 | 16.00 |
| History - European | 0 | 1 | 0 | 0 | 10 | 68 | 68.00 | 0 | 1 | 3.33 | 6.00 |
| Religion | 0 | 1 | 0 | 0 | 10 | 119 | 119.00 | 0 | 0 | 0.00 | 2.00 |
| Science - Physics | 0 | 1 | 0 | 1 | 10 | 96 | 96.00 | 0 | 0 | 1.50 | 4.00 |
| Philosophy | 0 | 1 | 0 | 1 | 10 | 106 | 106.00 | 0 | 0 | 0.00 | 2.50 |
| Popular Culture | 0 | 1 | 0 | 0 | 10 | 12 | 12.00 | 1 | 1 | 14.91 | 16.67 |
| Literature - British | 0 | 0 | 0 | 0 | 0 | 0.00 | 0 | 0 | 0.00 | 0.00 | |
| History - World | 0 | 0 | 1 | 0 | -5 | 0.00 | 0 | 0 | 0.00 | 0.00 |